01340nam a2200349 a 4500001000700000003000800007005001700015006001900032007001500051008004100066020001800107035002300125035002400148035002500172035002200197040002600219050002300245080001400268082001600282245012600298260004800424300001100472504002300483533016400506650005200670650004700722650005900769650005400828655002700882710001900909856006200928103610FlNmELB20241217173324.0m o d | cr cn|||||||||130627s2012 sp s 001 0 spa d z9788483649848 a(MiAaPQ)EBC3212692 a(Au-PeEL)EBL3212692 a(CaPaEBR)ebr10721883 a(OCoLC)1010535970 aFlNmELBbspacFlNmELB 4aTK3001b.G896 2012 a621.316.904a621.31922300aGuía para el docente y solucionariosh[recurso electronico] :boperaciones auxiliares de montaje de redes eléctricas. aAntequera, Málaga :bIC editorial,c2012. a145 p. aContiene índice. aRecurso electrónico. Santa Fe, Arg.: e-libro, 2015. Disponible vía World Wide Web. El acceso puede estar limitado para las bibliotecas afiliadas a e-libro. 4aRedes eléctricasvProblemas, ejercicios, etc. 4aElectrotecniavProblemas, ejercicios, etc. 0aElectric power distributionvProblems, exercises, etc. 0aElectrical engineeringxProblems, exercises, etc. 4aLibros electrónicos.2 ae-libro, Corp.40uhttps://elibro.net/ereader/politecnicointernacional/54351